States with an AFC Team - Statistics

General Stats
  • This quiz has been taken 19 times
  • The average score is 12 of 13
Answers on the Map
Answers color-coded by a green-red scale on the quiz's map according to % correct below.
 
Answer Stats
Answer % Correct
California
100%
Florida
100%
New York
100%
Texas
100%
Missouri
94%
Ohio
94%
Tennessee
94%
Colorado
88%
Massachusetts
88%
Pennsylvania
88%
Indiana
81%
Nevada
81%
Maryland
75%
No matching quizzes found
Score Distribution
Percent of People with Each Score
Percentile by Number Answered
Your Score History
You have not taken this quiz